00329nam a2200121Ia 4500008004100000041000800041082001500049100002000064245004500084260003800129300003100167365000900198240624s9999 xx 000 0 und d aeng a332.01 VIE aVIENS FREDERI G aHANDBOOK OF MODELING HIGH FREQUENCY DATA c2012aNew YorkbJohn Wiley & Sons axiv, : 441 : p. : cm. ; 24 cb27